Codebreaker Quiz - Europe - Statistics

General Stats
  • This quiz has been taken 35 times
  • The average score is 9 of 10
Answer Stats
CODE COUNTRY % Correct
13-5-25-2-4-10 Norway
96%
22-4-9-16-4 Malta
92%
20-8-25-4-1-13-6 Ukraine
92%
23-6-9-4-25-20-26 Belarus
88%
23-6-9-15-1-20-22 Belgium
88%
24-6-13-22-4-25-8 Denmark
88%
12-5-9-4-13-24 Poland
88%
12-5-25-16-20-15-4-9 Portugal
88%
26-4-13-22-4-25-1-13-5 San Marino
88%
26-2-6-24-6-13 Sweden
88%
No matching quizzes found
Score Distribution
Percent of People with Each Score
Percentile by Number Answered
Your Score History
You have not taken this quiz